000 00504nam a2200181Ia 4500
008 240925s9999 xx 000 0 und d
020 _a8131707431
082 _a005.3 HAN
100 _aHanselman , Duane; Littlefield, Bruce
245 0 _aMastering MATLABĀ® 7
250 _aNA
260 _aNew Delhi:
_bPearson Education
_c,2005.
300 _a679p.
_bNA
_fOriginal
500 _aIncludes Index
600 _aComputer Science
650 _aComputer science, information & general works
942 _cBK
999 _c9548
_d9548